MARC details
| 000 -CABECERA |
| campo de control de longitud fija |
02251nam a2200301 a 4500 |
| 001 - NÚMERO DE CONTROL |
| campo de control |
000015198 |
| 003 - IDENTIFICADOR DEL NÚMERO DE CONTROL |
| campo de control |
DO-SdBNP |
| 005 - FECHA Y HORA DE LA ÚLTIMA TRANSACCIÓN |
| campo de control |
20250414082417.0 |
| 008 - DATOS DE LONGITUD FIJA--INFORMACIÓN GENERAL |
| campo de control de longitud fija |
100203s2002 dr r 000 f spa d |
| 020 ## - NÚMERO INTERNACIONAL ESTÁNDAR DEL LIBRO |
| Número Internacional Estándar del Libro |
9993442119 |
| 040 ## - FUENTE DE LA CATALOGACIÓN |
| Centro catalogador/agencia de origen |
DO-SdBNP |
| Lengua de catalogación |
spa |
| Centro/agencia transcriptor |
BNPHU |
| 082 #4 - NÚMERO DE LA CLASIFICACIÓN DECIMAL DEWEY |
| Número de clasificación |
RD863.4408 |
| Número de documento/Ítem |
V443sa |
| Número de edición |
22 |
| 100 1# - ENTRADA PRINCIPAL--NOMBRE DE PERSONA |
| Nombre de persona |
Veloz Maggiolo, Marcio, |
| Fechas asociadas al nombre |
1936-2021 |
| 9 (RLIN) |
1104 |
| 245 10 - MENCIÓN DE TÍTULO |
| Título |
Santo Domingo en la novela dominicana / |
| Mención de responsabilidad, etc. |
estudio y selección de Marcio Veloz Maggiolo ; edición Andrés Blanco Díaz. |
| 260 ## - PUBLICACIÓN, DISTRIBUCIÓN, ETC. |
| Lugar de publicación, distribución, etc. |
Santo Domingo : |
| Nombre del editor, distribuidor, etc. |
Ediciones ferilibro, |
| Fecha de publicación, distribución, etc. |
2002. |
| 300 ## - DESCRIPCIÓN FÍSICA |
| Extensión |
233 p. ; |
| Dimensiones |
23 cm. |
| 500 ## - NOTA GENERAL |
| Nota general |
Incluye datos biográficos del autor en las solapas |
| 504 ## - NOTA DE BIBLIOGRAFÍA, ETC. |
| Nota de bibliografía, etc. |
Bibliografía : p. 213-227 |
| 505 0# - NOTA DE CONTENIDO CON FORMATO |
| Nota de contenido con formato |
Presentación/ |
| Mención de responsabilidad |
Carlos esteban Deive -- |
| Título |
Santo Domingo en la novela dominicana / |
| Mención de responsabilidad |
Marcio Veloz Maggiolo -- |
| Título |
La sangre (una vida bajo la tiranía) / |
| Mención de responsabilidad |
Tulio M. Cestero |
| Título |
Navarijo/ |
| Mención de responsabilidad |
F. E. Moscoso Puello -- |
| Título |
Eusebio Sapote (La historia y la novela de un retrato)/ |
| Mención de responsabilidad |
Enrique Aguiar-- |
| Título |
La pandilla / |
| Mención de responsabilidad |
Haim López Penha-- |
| Título |
El viaje / |
| Mención de responsabilidad |
Manuel A. Amiama-- |
| Título |
En su niebla/ |
| Mención de responsabilidad |
Ramón Lacay Polanco -- |
| Título |
Caonex/ |
| Mención de responsabilidad |
J.M. Sanz Lajara -- |
| Título |
Guanuma/ |
| Mención de responsabilidad |
Federico García Godoy -- |
| Título |
Los carpinteros/ |
| Mención de responsabilidad |
Joaquín Balaguer -- |
| Título |
La ciudad Herida / |
| Mención de responsabilidad |
Carlos Federico Pérez -- |
| Título |
Laura en sábado / |
| Mención de responsabilidad |
Manuel Rueda -- |
| Título |
Sólo cenizas hallarás (bolero) / |
| Mención de responsabilidad |
Pedro Vergés -- |
| Título |
Fantasma de una lejana fantasía / |
| Mención de responsabilidad |
Guillermo Piña Contreras - |
| Título |
Materia prima (protonovela)/ |
| Mención de responsabilidad |
Marcio Veloz Maggiolo -- |
| Título |
La balada de Alfonsina Bairán / |
| Mención de responsabilidad |
Andrés L. Mateo -- |
| Título |
El Personero / |
| Mención de responsabilidad |
Efraim Castillo -- |
| Título |
Los que falsificaron la firma de Dios / |
| Mención de responsabilidad |
Viriato Sención / |
| Título |
Las siempre insólita cartas del destino / |
| Mención de responsabilidad |
Roberto Marcallé Abreu -- |
| Título |
Toda la vida / |
| Mención de responsabilidad |
Manuel Salvador Gautier -- |
| Título |
Aquiles Vargas, Fantasma / |
| Mención de responsabilidad |
Manuel García cartagena -- |
| Título |
Ya los Oligarcas no bajan a la calle El Conde / |
| Mención de responsabilidad |
Pedro Peix |
| 590 ## - NOTA LOCAL (RLIN) |
| Nota local |
Inventariado, 2020/VM |
| 650 14 - PUNTO DE ACCESO ADICIONAL DE MATERIA--TÉRMINO DE MATERIA |
| Término de materia o nombre geográfico como elemento de entrada |
Novela dominicana |
| Subdivisión general |
Historia ycrítica |
| 9 (RLIN) |
34429 |
| 650 14 - PUNTO DE ACCESO ADICIONAL DE MATERIA--TÉRMINO DE MATERIA |
| Término de materia o nombre geográfico como elemento de entrada |
Literatura dominicana |
| Subdivisión general |
Crítica e interpretación |
| 9 (RLIN) |
216 |
| 650 14 - PUNTO DE ACCESO ADICIONAL DE MATERIA--TÉRMINO DE MATERIA |
| Término de materia o nombre geográfico como elemento de entrada |
Novela dominicana |
| Subdivisión de forma |
Colecciones |
| 9 (RLIN) |
34430 |
| 650 14 - PUNTO DE ACCESO ADICIONAL DE MATERIA--TÉRMINO DE MATERIA |
| Término de materia o nombre geográfico como elemento de entrada |
Autores dominicanos |
| Subdivisión general |
Crítica e interpretación |
| 9 (RLIN) |
158 |
| 700 1# - PUNTO DE ACCESO ADICIONAL--NOMBRE DE PERSONA |
| Nombre de persona |
Blanco Díaz, Andrés |
| Término indicativo de función/relación |
ed. |
| 9 (RLIN) |
172 |
| 910 ## - DATOS DE OPCIÓN DEL USUARIO (OCLC) |
| Datos de opción del usuario |
Validado. Control de calidad. MFF |
| 942 ## - ELEMENTOS DE PUNTO DE ACCESO ADICIONAL (KOHA) |
| Fuente del sistema de clasificación o colocación |
Dewey Decimal Classification |
| Tipo de ítem Koha |
Libro |